Supply and demand (Record no. 1543)
[ view plain ]
| 000 -LEADER | |
|---|---|
| fixed length control field | 00475cam a2200181ua 4500 |
| 008 - FIXED-LENGTH DATA ELEMENTS--GENERAL INFORMATION | |
| fixed length control field | 110714n1961 xxk |||gr||||Z||||||eng |
| 040 ## - CATALOGING SOURCE | |
| Transcribing agency | MAIN |
| 082 ## - DEWEY DECIMAL CLASSIFICATION NUMBER | |
| Classification number | 338.521 |
| 100 1# - MAIN ENTRY--PERSONAL NAME | |
| Personal name | Henderson, Hubert, |
| Relator term | |
| 245 1# - TITLE STATEMENT | |
| Title | Supply and demand |
| Statement of responsibility, etc. | by Hubert Henderson |
| 250 ## - EDITION STATEMENT | |
| Edition statement | 1st. |
| 260 ## - PUBLICATION, DISTRIBUTION, ETC. | |
| Place of publication, distribution, etc. | London |
| Name of publisher, distributor, etc. | James nisbet & co. ltd.961 |
| -- | Cambridge at the university press |
| 300 ## - PHYSICAL DESCRIPTION | |
| Extent | 142p:9cm. |
| 942 ## - ADDED ENTRY ELEMENTS (KOHA) | |
| Koha item type | Books |
| 653 ## - INDEX TERM--UNCONTROLLED | |
| Uncontrolled term | Economic |
| 653 ## - INDEX TERM--UNCONTROLLED | |
| Uncontrolled term | Supply & demand |
| Withdrawn status | Lost status | Damaged status | Not for loan | Home library | Current library | Shelving location | Date acquired | Total Checkouts | Full call number | Barcode | Date last seen | Copy number | Price effective from | Koha item type |
|---|---|---|---|---|---|---|---|---|---|---|---|---|---|---|
| Central Library, Naharkatiya College | Central Library, Naharkatiya College | General Stacks | 19/09/2020 | 338.521 | HEN | 1947 | 19/09/2020 | 1 | 19/09/2020 | Books | |||||
| Central Library, Naharkatiya College | Central Library, Naharkatiya College | General Stacks | 19/09/2020 | 338.521 | HEN | 1948 | 19/09/2020 | 2 | 19/09/2020 | Books |
